| 000 | 01818nam a2200373 c 4500 | ||
|---|---|---|---|
| 999 |
_c56563 _d56563 |
||
| 003 | BLK | ||
| 005 | 20230406130034.0 | ||
| 008 | 180408b bul|||||r ||||||| ||bul|| | ||
| 010 | _aKNG00060545000 | ||
| 040 | _aBLK | ||
| 041 |
_aBUL _cBUL |
||
| 080 |
_aГеография в основното училище. Методика на обучението по география _b372.891 _x:551.5(075.2) _z372.891:551.5(075.2) |
||
| 080 |
_aСъдържание и форми на работа в предучилищното възпитание и в основното образование. Учебни предмети и учебници за начални и основни училища. _b372 _x:91(075.2) _z372:91(075.2) |
||
| 139 |
_aГловня, Мартин Франсоа и др. _bГ 55 |
||
| 245 | 1 | 0 |
_aАвстралия, Океания, Антарктида _bГеогр. христоматия за учениците от VI кл. на ЕСПУ _cсъстав. Мартин Франсоа Гловня; състав. Кирил Филипов Стойчев. |
| 257 | _aBGR | ||
| 260 |
_aСофия _bНар. просв. _c1978 |
||
| 300 |
_a119 с. _c25 см |
||
| 380 | _a3 | ||
| 650 | 4 |
_aАвстралия - география _9286948 |
|
| 650 | 4 |
_aОкеания - география _9164873 |
|
| 650 | 4 |
_aАнтарктида _9178534 |
|
| 653 | _aАвстралия | ||
| 653 | _aОкеания | ||
| 653 | _aАнтарктида | ||
| 653 | _aгеография | ||
| 700 | 1 |
_aГловня, Мартин Франсоа _d1919-1966 _gГеограф _eсъстав. _954430 |
|
| 700 | 1 |
_aСтойчев, Кирил Филипов _eсъстав. _9369344 |
|
| 852 | _aЦб 97041 | ||
| 856 | 4 |
_qpdf _i0.00 _ldisable |
|
| 856 | 4 |
_qpdf _i0.00 _ldisable |
|
| 942 |
_cKNG _n0 _01 _s1 |
||
| 944 |
_aCR _c13.06.2004 _kКети_Илиева |
||
| 944 |
_aED _c21.09.2017 _kСевдалина_Василева |
||
| 944 |
_aED _c2022-11-23 _kХристина Везирева |
||
| 999 | _d56563 | ||